| 000 | 00851nam a22002777a 4500 | ||
|---|---|---|---|
| 999 |
_c3600 _d3600 |
||
| 001 | 13854 | ||
| 003 | BD-DhUAP | ||
| 005 | 20200309153917.0 | ||
| 008 | 200309r19782009ii a 001 0 eng c | ||
| 020 | _a8121925738 | ||
| 040 |
_aBD-DhAAL _bEng _cBD-DhUAP _dBD-DhUAP |
||
| 082 |
_223 _a621.402 KHU |
||
| 100 |
_aKhurmi, R. S. _928630 |
||
| 245 |
_aA textbook of thermal engineering : _b S.I. units / _cR. S. Khurmi and J. K. Gupta. |
||
| 250 | _a15th ed. | ||
| 260 |
_aNew Delhi : _bS. Chand, _cc1978 [Reprinted 2009]. |
||
| 300 |
_a895 pages : _billustrations ; _c24 cm. |
||
| 500 | _aIncludes index. | ||
| 526 | _aCSE | ||
| 650 |
_aThermodynamics. _928631 |
||
| 650 |
_aHeat engineering. _928632 |
||
| 700 |
_aGupta, R. S. _928633 |
||
| 942 |
_2ddc _cBK |
||